00580nam a22001697a 450000500170000001000150001702000270003203500140005903700130007308200190008610000200010524501480012526000460027327000440031930000280036350000190039120230420145519.0 aENG-136732 c1620.00a9788181715166 aEN-120264 bDBAD/PUB a591.7789095436 aRaghunathan, C.00aStatus of coral and its associated Fauna in Landfall, Peacock, Table Delgarno and Trilby islands sanctuaries, North Andaman/bBy C. Rafhunathan aKolkatabZoological Survey Of Indiac2018 bKolkataaM- Block, New Alipore e700006 a190p.;c24cm(pbk)bill. aIncludes index